Fr. Conceicao Rodrigues College of Engineering

Strength Of Materials. (Record no. 20399)

MARC details
000 -LEADER
fixed length control field 00301nam a2200145Ia 4500
082 ## - DEWEY DECIMAL CLASSIFICATION NUMBER
Classification number 621.1/KHU
100 ## - MAIN ENTRY--PERSONAL NAME
Personal name Khurmi/R.S.
245 ## - TITLE STATEMENT
Title Strength Of Materials.
260 ## - PUBLICATION, DISTRIBUTION, ETC.
Name of publisher, distributor, etc. S.Chand & Co.
Place of publication, distribution, etc. New Delhi.
366 ## - TRADE AVAILABILITY INFORMATION
Publishers's discount category 20
300 ## - PHYSICAL DESCRIPTION
Extent 765
546 ## - LANGUAGE NOTE
Language note ENGLISH
650 ## - SUBJECT ADDED ENTRY--TOPICAL TERM
Topical term or geographic name entry element Production.
942 ## - ADDED ENTRY ELEMENTS (KOHA)
Koha item type BOOK
Holdings
Withdrawn status Lost status Damaged status Not for loan Collection Home library Current library Shelving location Date acquired Source of acquisition Cost, normal purchase price Inventory number Total Checkouts Full call number Barcode Date last seen Cost, replacement price Price effective from Koha item type Date last checked out
        AFT Fr. Agnel's C.Rodrigues College of Engineering Fr. Agnel's C.Rodrigues College of Engineering   17/03/2023 S.Chand & Co.Ltd. 208.00 2172/dt.27/01/2006   621.1/KHU AFT7937 17/03/2023 260.00   BOOK  
        AFT Fr. Agnel's C.Rodrigues College of Engineering Fr. Agnel's C.Rodrigues College of Engineering   17/03/2023 S.Chand & Co.Ltd. 208.00 2172/dt.27/01/2006   621.1/KHU AFT7939 17/03/2023 260.00   BOOK  
        AFT Fr. Agnel's C.Rodrigues College of Engineering Fr. Agnel's C.Rodrigues College of Engineering   17/03/2023 S.Chand & Co.Ltd. 208.00 2172/dt.27/01/2006   621.1/KHU AFT7941 17/03/2023 260.00   BOOK  
        AFT Fr. Agnel's C.Rodrigues College of Engineering Fr. Agnel's C.Rodrigues- College of Engineering   17/03/2023 S.Chand & Co.Ltd. 208.00 2172/dt.27/01/2006 1 621.1/KHU AFT7938 10/07/2023 260.00   BOOK 10/07/2023
        AFT Fr. Agnel's C.Rodrigues College of Engineering Fr. Agnel's C.Rodrigues- College of Engineering   17/03/2023 S.Chand & Co.Ltd. 208.00 2172/dt.27/01/2006 1 621.1/KHU AFT7940 14/06/2023 260.00   BOOK 12/06/2023